00351 2200145 4500245004900000020001800049250001100067100002100078650001700099005001900116260003400135041001400169084001300183336000900196 aDoraemon PetualangancFujio, Fujiko F.hText a9789796378722 aCet. 1 aFujio, Fujiko F. aKomik Jepang a20240903074429 bPT Elex Media Komputidoc1996 aIndonesia a741.5592 atext